| 000 | 00601nam a2200193 a 4500 | ||
|---|---|---|---|
| 001 | 5338 | ||
| 003 | CO-ViMGA | ||
| 008 | 141112s2004 ck r 000 u spa d | ||
| 040 |
_aCO-ViMGA _bspa _cCO-ViMGA |
||
| 082 | 0 | 4 | _a986.103 P657 |
| 100 | 1 | _aPontificia Universidad Javeriana | |
| 245 | 1 | 0 |
_aColombia Historia colonial / _cGregory de Velazco Martha Victoria |
| 260 |
_aBogotá : _bUniversidad Javeriana, _c1989 |
||
| 300 | _a142 p : il | ||
| 650 | 1 | 4 |
_aCOLOMBIA - HISTORIA - COLONIA _93653 |
| 650 | 1 | 4 | _aESPAÑA - HISTORIA |
| 650 | 1 | 4 |
_aGregory de Velazco, Martha Victoria _93654 |
| 942 |
_2ddc _cBK |
||
| 999 |
_c17333 _d17333 |
||